Top 25 TV Series - Statistics

General Stats
  • This quiz has been taken 345 times
  • The average score is 11 of 25
Answer Stats
Hint Answer % Correct
Michael Scofield breaks his brother out of prison Prison Break
92%
Teacher with cancer, sells meth Breaking Bad
89%
Jennifer Anniston & Matt Le Blanc starred Friends
88%
Set in Westeros & Essos, Jon Snow, Tyrian. Emilia Clarke Game of Thrones
83%
Plane crash leaves people stranded on island Lost
83%
Rick Grimes leads people in a world of zombies The Walking Dead
81%
Hugh Laurie is a doctor who solves puzzling cases House
66%
True story about Pablo Escobar Narcos
65%
Piper Chapman gets sent to prison, finds her criminal girlfriend Orange is the new black
63%
Kevin Spacey is head of state, but wants more power, helped by his wife House of Cards
54%
Jack Bauer races against the clock to save his nation 24
44%
About the hells angels motorcycle club Sons of Anarchy
40%
Jeremy Clarkson, Richard Hammond & James May host car show Top Gear
34%
Don Draper is an executive of a Nee York agency in 1960's Mad Men
29%
Damien Lewis escapes Iraq captivity, CIA agent has her suspisions Homeland
28%
Mystery man recruits a young computer programmer to hack for him Mr Robot
27%
Idris Elba stars. Baltimore drug scene, with dealers and police The Wire
26%
Criminal Ray Reddington, helps FBI with list of criminals The Blacklist
25%
Period crime drama. Nucky controls Atlantic City in 1920-30's Boardwalk Empire
12%
Kevin Bacon leads fellow serial killers to his every command The Following
10%
Rhona Mitra as(Dr Rachel Scott) finding a cure on a ship The Last Ship
9%
Police drama, run for over 25 years. London police force daily crimes The Bill
8%
Amanda Holden stars. Family move to South Africa to be vets Wild at Heart
5%
Section 20, British military intelligence carry out missions, stars Rhona Mitra Strike Back
4%
Barry Al-Fayeed returns to Middle East with family Tyrant
4%
No matching quizzes found
Score Distribution
Percent of People with Each Score
Percentile by Number Answered
Your Score History
You have not taken this quiz